| 000 | 00774nam a2200217Ia 4500 | ||
|---|---|---|---|
| 003 | OSt | ||
| 005 | 20240522095419.0 | ||
| 008 | 210716s2001 xx 000 0 und d | ||
| 040 | _cAIMIT LIBRARY | ||
| 041 | _aeng | ||
| 082 |
_a374.22 _21 _bORWG |
||
| 100 |
_aOrwell, George. _9166549 |
||
| 245 |
_aKeep the aspidistra flying / _cBy George Orwell; Illustrations by Steven Devine. |
||
| 250 | _a1st ed. | ||
| 260 |
_aLondon : _bThe folio society , _c2001. |
||
| 300 |
_a277p. ; _bPB _c22.5 cm |
||
| 650 |
_aHe sat on the bed holding his head between his hands _9166550 |
||
| 650 |
_aShe was coming down the alley between the stalls _9166551 |
||
| 650 |
_aFrom the back window ...you could see the roof of paddington station _9166552 |
||
| 942 |
_2ddc _cBK _e1st _k374.22 ORWG |
||
| 999 |
_c206309 _d206309 |
||